00888 2200313 4500001002100000005001500021035002000036007000300056008004100059040001700100100002000117245011500137250001100252300003100263020002200294041000800316082000800324084001400332090002100346260003300367600001200400700003200412850001000444990002400454990002400478990002400502990002400526990002400550INLIS00000000000269220260601080534 a0010-0620000065ta260601 g 0 ind  aSBPUPADbind0 aIvan Tirdianata1 aRumah Lego :bTempat cinta, Rahasia, dan Pengkhianatan Bertemu /cIvan Tirdianata; Editor, FL. Sigit Suyantoro a.-Ed.1 a199 hlm. :bilus. ;c19 cm a978-623-7112-14-20 aind a643 a643 IVA r a643 IVA r L20-10 a.--Yogyakarta :bAndi,c2019 4aTerapan0 aeditor, FL. Sigit Suyantoro aPUPAD a33.126/DAK/DPK/2019 a33.127/DAK/DPK/2019 a33.129/DAK/DPK/2019 a33.128/DAK/DPK/2019 a33.128/DAK/DPK/2019